000
00256nam a2200109Ia 4500
008
220204s9999 xx 000 0 und d
082
_a
82-3
_b
JOH
100
_a
Johns, W E
245
0
_a
Biggles in the orient
260
_a
London
_b
Aramada
_c
1963
942
_c
BK
999
_c
32216
_d
32216